Introduction to probability and statistics for engineers and scientists
Αποθηκεύτηκε σε:
| Κύριος συγγραφέας: | |
|---|---|
| Μορφή: | Βιβλίο |
| Γλώσσα: | English |
| Δημοσίευση: |
San Diego, CA. :
Academic Press,
c2000
|
| Έκδοση: | 2nd ed. |
| Θέματα: | |
| Ετικέτες: |
Προσθήκη ετικέτας
Δεν υπάρχουν, Καταχωρήστε ετικέτα πρώτοι!
|
MARC
| LEADER | 00000nam a2200000 i 4500 | ||
|---|---|---|---|
| 001 | 1/16218 | ||
| 008 | 010123s2000 eng d | ||
| 020 | |a 0-12-598472-3 | ||
| 035 | |l 10065697 | ||
| 040 | |a GR-MY-UA |b gre |e aacr | ||
| 041 | 0 | |a eng | |
| 082 | 0 | |a 519.2 | |
| 100 | 1 | |a Ross, Sheldon M. | |
| 245 | 1 | 0 | |a Introduction to probability and statistics for engineers and scientists / |c Sheldon M. Ross |
| 250 | |a 2nd ed. | ||
| 260 | |a San Diego, CA. : |b Academic Press, |c c2000 | ||
| 300 | |a xiv, 578 p.; |b ill.; |c 24 cm.+ |e 1 computer laser optical disc (4 3/4 in.) | ||
| 504 | |a Includes index | ||
| 650 | 0 | 0 | |a Probalities. |
| 650 | 0 | 0 | |a Mathematical statistics. |
| 852 | |a INST |b SAMOS |e 20011004 |h 519.2 ROS |p 005300020474 |q 005300020474 |t BK |y 0 | ||
| 852 | |a INST |b SAMOS |e 20010327 |h 519.2 ROS |p 005300021451 |q 005300021451 |t BK |y 0 | ||
| 852 | |a INST |b SAMOS |e 20010327 |h 519.2 ROS |p 005300021452 |q 005300021452 |t BK |y 0 | ||
| 852 | |a INST |b SAMOS |e 20010327 |h 519.2 ROS |p 005300021453 |q 005300021453 |t BK |y 0 | ||
| 852 | |a INST |b SAMOS |e 20010327 |h 519.2 ROS |p 005300021454 |q 005300021454 |t BK |y 0 | ||
| 852 | |a INST |b SAMOS |e 20010123 |h 519.2 ROS |p 005300022443 |q 005300022443 |t BK |y 23 | ||
| 852 | |a INST |b SAMOS |e 20011004 |h 519.2 ROS |p 005300020475 |q 005300020475 |t BK |y 0 | ||
| 852 | |a INST |b SAMOS |e 20010327 |h 519.2 ROS |p 005300021224 |q 005300021224 |t BK |y 0 | ||
| 852 | |a INST |b SAMOS |e 20010327 |h 519.2 ROS |p 005300021225 |q 005300021225 |t BK |y 0 | ||
| 852 | |a INST |b SAMOS |e 20010327 |h 519.2 ROS |p 005300021226 |q 005300021226 |t BK |y 0 | ||
| 852 | |a INST |b SAMOS |e 20010327 |h 519.2 ROS |p 005300021227 |q 005300021227 |t BK |y 0 | ||
| 852 | |a INST |b SAMOS |e 20010123 |h 519.2 ROS |p 005300022298 |q 005300022298 |t BK |y 0 | ||
| 901 | |a BIBL3-2001-1 | ||
| 901 | |a BIBL3-2001-1 | ||
| 909 | |a Σ |b 086049 | ||
| 909 | |a Σ |b 086051 | ||
| 909 | |a Σ |b 086045 | ||
| 909 | |a Σ |b 086047 | ||
| 909 | |a Σ |b 086050 | ||
| 909 | |a Σ |b 086046 | ||
| 909 | |a Σ |b 086044 | ||
| 909 | |a Σ |b 086048 | ||
| 909 | |a Σ |b 081516 | ||
| 909 | |a Σ |b 081517 | ||
| 909 | |a Σ |b 087213 | ||
| 909 | |a Σ |b 087214 | ||
| 922 | |a 3ΕΛΗ |b 200010 |c ΤΣΑΕ |d ΠΑΠΑΣΩΤΗΡΙΟΥ | ||
| 970 | |a ΠΟΥΡΝΑΡΑΣ |b ΔΗΜΗΤΡΗΣ |z 2001/01/23 | ||